Statistics for All german players in Real Madrid

Click here to take the quiz!

General Stats

  • This quiz has been taken 649 times
  • The average score is 4 of 9

Answer Stats

CountryPlayerYears% Correct
GermanyToni Kroos2014-
98%
GermanyMesut Özil2010-2013
88%
GermanySami Khedira2010-2015
85%
GermanyBernd Schuster1988-1990
30%
GermanyChristoph Metzelder2007-2010
30%
GermanyBodo Illgner1996-2001
24%
GermanyPaul Breitner1974-1977
19%
GermanyUli Stielike1977-1985
14%
GermanyGünter Netzer1973-1976
13%

Score Distribution

Percentile by Number Answered

Percent of People with Each Score

Your Score History

You have not taken this quiz